[Event "EU-chT Seniors 15th"]
[Site "Dresden"]
[Date "2013.07.24"]
[Round "5"]
[White "Krueger, Erich"]
[Black "Weber, Bernd"]
[Result "0-1"]
[WhiteElo "2193"]
[BlackElo "2155"]
[EventDate "2013.07.20"]
[PlyCount "112"]

1.d4 Nf6 2.c4 e6 3.Nc3 Bb4 4.e3 O-O 5.Ne2 d5 6.a3 Be7 7.Nf4 c6 8.Be2 Nbd7 
9.cxd5 exd5 10.O-O Bd6 11.g3 Re8 12.f3 Nf8 13.Bd2 Ng6 14.Ng2 Bh3 15.Rf2 a6
16.b4 Qc7 17.f4 Qd7 18.Na4 Ne4 19.Nb6 Nxf2 20.Kxf2 Qc7 21.Nxa8 Rxa8 22.Bd3
Qd7 23.Qc2 f5 24.Ne1 Bg4 25.Nf3 Bxf3 26.Bxf5 Be4 27.Qxe4 dxe4 28.Bxd7 Kf7 
29.Bf5 Re8 30.Bc3 Nf8 31.h4 g6 32.Bh3 Ne6 33.g4 Nc7 34.g5 Nd5 35.Bb2 Ne7 
36.Rd1 Nf5 37.h5 Ke6 38.hxg6 hxg6 39.Bg4 Kd5 40.Bxf5 gxf5 41.Rh1 Kc4 42.
Rh6 Kb3 43.Rxd6 Kxb2 44.a4 Kb3 45.b5 cxb5 46.axb5 a5 47.b6 a4 48.Rd7 Re6 
49.Rxb7 a3 50.Kg3 a2 51.Ra7 Rxb6 52.Kh4 Kb2 53.Kh5 Rb3 54.g6 Rxe3 55.Kg5 
Ra3 56.Rb7+ Kc2 0-1

[Event "EU-chT Seniors 15th"]
[Site "Dresden"]
[Date "2013.07.24"]
[Round "5"]
[White "Pruefer, Friedbert"]
[Black "Mueller Clostermann, Bruno"]
[Result "1-0"]
[WhiteElo "2155"]
[BlackElo "2165"]
[EventDate "2013.07.20"]
[PlyCount "69"]

1.d4 d6 2.e4 e5 3.Nf3 exd4 4.Nxd4 Nf6 5.Nc3 Be7 6.Be2 O-O 7.O-O c5 8.Nf3 
Nc6 9.h3 Re8 10.Re1 a6 11.a4 h6 12.Bc4 Bf8 13.Bf4 Be6 14.Nd5 Bxd5 15.exd5 
Rxe1+ 16.Nxe1 Ne7 17.Nf3 Qd7 18.Qd3 Ng6 19.Bh2 Re8 20.Bb3 Nh5 21.Re1 Nhf4 
22.Qd2 Rxe1+ 23.Nxe1 Qf5 24.c4 Qg5 25.Qe3 Be7 26.Bc2 f5 27.Bxf4 Nxf4 28.h4
Qxh4 29.g3 Nh3+ 30.Kg2 Qg4 31.Qxe7 Nf4+ 32.Kf1 Ng6 33.Qe6+ Kh8 34.Qc8+ Kh7
35.Qxf5 1-0

[Event "EU-chT Seniors 15th"]
[Site "Dresden"]
[Date "2013.07.25"]
[Round "6"]
[White "Danner, Georg"]
[Black "Siegmund, Rainer"]
[Result "1/2-1/2"]
[WhiteElo "2315"]
[BlackElo "2130"]
[EventDate "2013.07.20"]
[PlyCount "57"]

1.d4 Nf6 2.Nf3 e6 3.e3 d5 4.Bd3 c5 5.b3 cxd4 6.exd4 Nc6 7.O-O Bd6 8.Bb2 b6
9.Nbd2 O-O 10.Qe2 Nb4 11.Ne5 Nxd3 12.Qxd3 Bb7 13.a4 a5 14.Rfe1 Ba6 15.c4 
Rc8 16.Rac1 Qe7 17.Qe3 Rc7 18.Rc2 Rfc8 19.Rec1 Bb4 20.Bc3 Ba3 21.Rb1 Bd6 
22.h3 h6 23.Rbc1 Ba3 24.Rb1 Bd6 25.Qf3 Bb7 26.Qe2 Ba6 27.Qf3 Bb7 28.Qe2 
Ba6 29.Qf3 1/2-1/2

[Event "EU-chT Seniors 15th"]
[Site "Dresden"]
[Date "2013.07.25"]
[Round "6"]
[White "Glasewald, Stefan"]
[Black "Kwatschewsky, Leo"]
[Result "1/2-1/2"]
[WhiteElo "2075"]
[BlackElo "2205"]
[EventDate "2013.07.20"]
[PlyCount "34"]

1.d4 d5 2.Nc3 Bf5 3.f3 e6 4.e4 Bg6 5.Bd3 Bb4 6.exd5 Qxd5 7.Ne2 Nc6 8.O-O 
Qd7 9.Bxg6 hxg6 10.d5 exd5 11.Qxd5 O-O-O 12.Qxd7+ Rxd7 13.Be3 Nf6 14.Rad1 
Bd6 15.g3 a6 16.Kg2 Re7 17.Bg5 Rd7 1/2-1/2

[Event "EU-chT Seniors 15th"]
[Site "Dresden"]
[Date "2013.07.25"]
[Round "6"]
[White "Groschup, Gerhard"]
[Black "Winiwarter, Felix"]
[Result "0-1"]
[WhiteElo "2010"]
[BlackElo "2167"]
[EventDate "2013.07.20"]
[PlyCount "66"]

1.d4 Nf6 2.c4 g6 3.Nc3 Bg7 4.e4 d6 5.Be2 O-O 6.Bg5 c5 7.d5 b5 8.cxb5 a6 9.
a4 Qa5 10.Bd2 axb5 11.Nxb5 Qb6 12.a5 Qd8 13.Qc2 e6 14.dxe6 Bxe6 15.Bc4 
Bxc4 16.Qxc4 Nxe4 17.Be3 d5 18.Qc2 Rxa5 19.Na3 Re8 20.Ne2 d4 21.Rd1 Qf6 
22.Bf4 Rxa3 23.bxa3 Nc3 24.Bxb8 Rxe2+ 25.Qxe2 Nxe2 26.Kxe2 Qa6+ 27.Kd2 
Qa5+ 28.Kc2 Qa4+ 29.Kd2 c4 30.Bd6 c3+ 31.Ke1 Qe8+ 32.Kf1 c2 33.Rc1 d3 0-1

[Event "EU-chT Seniors 15th"]
[Site "Dresden"]
[Date "2013.07.25"]
[Round "6"]
[White "Fleuch, Hans Juergen"]
[Black "Svensson, Leif"]
[Result "1/2-1/2"]
[WhiteElo "2064"]
[BlackElo "2120"]
[EventDate "2013.07.20"]
[PlyCount "31"]

1.d4 d5 2.Nf3 Bf5 3.c4 e6 4.Nc3 c6 5.Qb3 Qb6 6.c5 Qc7 7.Bf4 Qc8 8.e3 Nd7 
9.Be2 h6 10.Qd1 Ngf6 11.O-O Be7 12.h3 Bd8 13.Ne5 Bc7 14.Nxd7 Qxd7 15.Bxc7 
Qxc7 16.Bd3 1/2-1/2

[Event "EU-chT Seniors 15th"]
[Site "Dresden"]
[Date "2013.07.25"]
[Round "6"]
[White "Kugelmann, Werner"]
[Black "Wahlbom, Magnus"]
[Result "0-1"]
[WhiteElo "2143"]
[BlackElo "2284"]
[EventDate "2013.07.20"]
[PlyCount "70"]

1.e4 e6 2.d4 d5 3.Nd2 Nf6 4.e5 Nfd7 5.f4 c5 6.c3 Nc6 7.Ndf3 Qb6 8.Ne2 cxd4
9.cxd4 f6 10.g3 Bb4+ 11.Nc3 fxe5 12.fxe5 O-O 13.Bf4 Be7 14.a3 Qd8 15.h4 
Nb6 16.Bd3 g6 17.Bc2 Bd7 18.Ng5 Nc4 19.Nxh7 Rxf4 20.gxf4 Ne3 21.Qd3 Bxh4+ 
22.Kd2 Nf5 23.Qh3 Ncxd4 24.Bxf5 Nxf5 25.Nf6+ Kf7 26.Rag1 Bxf6 27.exf6 Qxf6
28.Qh7+ Qg7 29.Qxg7+ Kxg7 30.Rg5 Rc8 31.Rhg1 Be8 32.Kd3 Rc4 33.Rxf5 exf5 
34.Nxd5 Re4 35.Rc1 Bb5+ 0-1

[Event "EU-chT Seniors 15th"]
[Site "Dresden"]
[Date "2013.07.25"]
[Round "6"]
[White "Malmdin, Nils Ake"]
[Black "Boehm, Erwin"]
[Result "1/2-1/2"]
[WhiteElo "2242"]
[BlackElo "2221"]
[EventDate "2013.07.20"]
[PlyCount "109"]

1.e4 g6 2.d4 Bg7 3.Nc3 c6 4.f4 d5 5.e5 h5 6.Nf3 Nh6 7.Be2 Bg4 8.Ng5 Bxe2 
9.Qxe2 e6 10.Be3 Nf5 11.Bf2 Bh6 12.Nh3 Nd7 13.g3 Qa5 14.a3 b5 15.O-O a6 
16.Kg2 Qb6 17.Rfd1 Bf8 18.Ng5 c5 19.Nf3 cxd4 20.Nxd4 Nxd4 21.Bxd4 Bc5 22.
Qe3 Ke7 23.Ne2 b4 24.axb4 Qxb4 25.Bxc5+ Nxc5 26.c3 Qb5 27.b4 Ne4 28.Ra5 
Qc4 29.Rd4 Qc6 30.c4 Rhd8 31.cxd5 exd5 32.Qd3 Ke6 33.f5+ gxf5 34.Nf4+ Kxe5
35.Rdxd5+ Rxd5 36.Qxd5+ Qxd5 37.Rxd5+ Kf6 38.Nxh5+ Kg5 39.Ng7 Rb8 40.Nxf5 
Rxb4 41.Ne3+ Kg6 42.Ra5 Rb2+ 43.Kg1 Ng5 44.Rxa6+ f6 45.Nd5 Nf3+ 46.Kf1 
Nxh2+ 47.Kg1 Ng4 48.Ra1 Rd2 49.Nf4+ Kf5 50.Re1 Nf2 51.Re2 Rxe2 52.Nxe2 Ne4
53.Kh2 Kg4 54.Kg2 f5 55.Nd4 1/2-1/2

[Event "EU-chT Seniors 15th"]
[Site "Dresden"]
[Date "2013.07.25"]
[Round "6"]
[White "Fitzke, Ulrich"]
[Black "Pfeiffer, Alfred"]
[Result "1-0"]
[WhiteElo "2003"]
[BlackElo "2077"]
[EventDate "2013.07.20"]
[PlyCount "149"]

1.d4 Nf6 2.c4 e6 3.Nc3 Bb4 4.Bd2 O-O 5.Nf3 c5 6.e3 d5 7.a3 cxd4 8.Nxd4 Be7
9.cxd5 Nxd5 10.Be2 a6 11.O-O e5 12.Nf3 Nc6 13.Nxd5 Qxd5 14.Bc3 Qe6 15.Qc2 
Re8 16.Rfd1 Bf8 17.h3 Qf5 18.Rac1 Qxc2 19.Rxc2 Bf5 20.Rcd2 h6 21.Bc4 g5 
22.Bd5 Bg7 23.g4 Be6 24.Bxe6 Rxe6 25.Rd7 Rb8 26.Rc7 f6 27.Rdd7 Bf8 28.Rxb7
Rxb7 29.Rxb7 Bc5 30.b4 Be7 31.Rb6 Rd6 32.Rxa6 Kf7 33.Nd2 Re6 34.Kf1 Nd8 
35.Rxe6 Kxe6 36.Ke2 f5 37.f3 Nf7 38.e4 fxg4 39.hxg4 Nh8 40.Nc4 Ng6 41.Kd1 
Bd6 42.Bd2 Kd7 43.Ne3 Kc6 44.Nf5 Bf8 45.a4 Nh8 46.Ne3 Ng6 47.Nd5 Bd6 48.
Be1 Nf8 49.Kc2 Ne6 50.Bf2 Bf8 51.Kc3 Ng7 52.Be3 Bd6 53.Kc4 Bc7 54.Ne7+ Kd7
55.Nf5 Ne8 56.Nxh6 Nd6+ 57.Kb3 Bd8 58.Bc5 Nb7 59.Kc4 Ke6 60.Nf5 Bc7 61.Ne3
Nd8 62.Nd5 Bb8 63.b5 Nb7 64.Bb4 Bd6 65.a5 Bxb4 66.Kxb4 Kd6 67.a6 Nc5 68.
Kc4 Na4 69.a7 Nb2+ 70.Kb3 Nd3 71.Kc3 Nf2 72.a8=Q Nd1+ 73.Kd2 Kc5 74.Qc6+ 
Kd4 75.Kxd1 1-0

[Event "EU-chT Seniors 15th"]
[Site "Dresden"]
[Date "2013.07.25"]
[Round "6"]
[White "Harzer, Paul"]
[Black "Wuensch, Ulrich"]
[Result "1/2-1/2"]
[WhiteElo "2115"]
[BlackElo "2092"]
[EventDate "2013.07.20"]
[PlyCount "42"]

1.f4 Nf6 2.Nf3 d5 3.e3 Bg4 4.Be2 e6 5.O-O Be7 6.b3 O-O 7.Bb2 c5 8.d3 Nc6 
9.Nbd2 Rc8 10.Qe1 b5 11.Ne5 Bxe2 12.Nxc6 Rxc6 13.Qxe2 c4 14.bxc4 bxc4 15.
Bd4 cxd3 16.cxd3 Qa5 17.Nb3 Qa6 18.Rfc1 Rfc8 19.Rxc6 Rxc6 20.Rc1 Rxc1+ 21.
Nxc1 Qc8 1/2-1/2

[Event "EU-chT Seniors 15th"]
[Site "Dresden"]
[Date "2013.07.25"]
[Round "6"]
[White "Sobeck, Guenter"]
[Black "Welz, Peter"]
[Result "1/2-1/2"]
[WhiteElo "2096"]
[BlackElo "2149"]
[EventDate "2013.07.20"]
[PlyCount "120"]

1.b3 e5 2.Bb2 Nc6 3.Nf3 d6 4.d4 exd4 5.Nxd4 Bd7 6.e4 Nf6 7.f3 Be7 8.Nc3 a6
9.Qd2 Nxd4 10.Qxd4 Bc6 11.O-O-O O-O 12.g4 Ne8 13.Nd5 Bxd5 14.Qxd5 Bf6 15.
Qxb7 Bxb2+ 16.Kxb2 Qf6+ 17.Kb1 Qxf3 18.Bg2 Qxg2 19.Qxa8 Nf6 20.Qxa6 Nxe4 
21.Qd3 d5 22.h3 c6 23.Rhe1 Qh2 24.Rc1 h6 25.c3 Nd2+ 26.Kc2 Nxb3+ 27.Re2 
Nxc1 28.Rxh2 Nxd3 29.Kxd3 Ra8 30.Rb2 c5 31.Rb5 d4 32.Rxc5 dxc3 33.Rxc3 
Rxa2 34.Ke4 Kh7 35.Kf4 Kg6 36.Rc6+ f6 37.Rc3 Ra1 38.Rb3 Rf1+ 39.Kg3 Rd1 
40.Kf4 Rg1 41.Rb7 h5 42.Rb5 h4 43.Rb2 Rg3 44.Rh2 Rb3 45.Rh1 Kf7 46.Rh2 Rc3
47.Rh1 Rg3 48.Kf5 g6+ 49.Kf4 Ke6 50.Ke4 Rb3 51.Rh2 Rb4+ 52.Kf3 f5 53.gxf5+
gxf5 54.Ra2 Kf6 55.Ra8 Rb3+ 56.Kf4 Rb4+ 57.Kf3 Rb3+ 58.Kf4 Rxh3 59.Ra6+ 
Kg7 60.Kxf5 Rg3 1/2-1/2

[Event "EU-chT Seniors 15th"]
[Site "Dresden"]
[Date "2013.07.25"]
[Round "6"]
[White "Kalmutzki, Manfred"]
[Black "Hampel, Johannes"]
[Result "0-1"]
[WhiteElo "1930"]
[BlackElo "2137"]
[EventDate "2013.07.20"]
[PlyCount "82"]

1.d4 d5 2.e3 c5 3.c3 Nf6 4.Bd3 b6 5.f4 Nbd7 6.Nf3 e6 7.Ne5 Bd6 8.O-O O-O 
9.Nd2 Bb7 10.Qe2 Ne4 11.Nxd7 Qxd7 12.Qh5 f5 13.Qe2 c4 14.Bc2 b5 15.Nxe4 
fxe4 16.Bd2 Bc6 17.Rfb1 Kh8 18.h4 Qe7 19.g3 a5 20.Qe1 b4 21.b3 cxb3 22.
axb3 Bb5 23.c4 dxc4 24.Bxe4 c3 25.Bc1 Ra7 26.Bc2 Qd7 27.e4 Bc7 28.e5 Bb6 
29.Qe4 Qxd4+ 30.Qxd4 Bxd4+ 31.Kh2 Rd8 32.Kg2 Bb6 33.Ra2 Rad7 34.Kf3 h5 35.
Be3 Bc6+ 36.Be4 Bxe4+ 37.Kxe4 Bxe3 38.Kxe3 Rd3+ 39.Kf2 Rd2+ 40.Rxd2 Rxd2+ 
41.Ke1 Rh2 0-1

[Event "EU-chT Seniors 15th"]
[Site "Dresden"]
[Date "2013.07.25"]
[Round "6"]
[White "Zoephel, Heinz"]
[Black "Scholze, Roland"]
[Result "1/2-1/2"]
[WhiteElo "2059"]
[BlackElo "1956"]
[EventDate "2013.07.20"]
[PlyCount "50"]

1.e4 e6 2.d4 d5 3.Nc3 Nf6 4.e5 Nfd7 5.f4 c5 6.Nf3 Nc6 7.Be3 cxd4 8.Nxd4 
Bc5 9.Nxc6 bxc6 10.Bxc5 Nxc5 11.Qg4 O-O 12.O-O-O Rb8 13.h4 f5 14.Qf3 a5 
15.Rh3 a4 16.Nb1 Qb6 17.b3 axb3 18.axb3 Rf7 19.Qe3 Ra7 20.Rf3 Ra1 21.Qc3 
Rba8 22.Qd4 Qa7 23.b4 Qa2 24.Qb2 Ne4 25.Qxa2 R8xa2 1/2-1/2

[Event "EU-chT Seniors 15th"]
[Site "Dresden"]
[Date "2013.07.25"]
[Round "6"]
[White "Gabriel, Wolfram"]
[Black "Ritter, Fredy"]
[Result "1/2-1/2"]
[WhiteElo "1733"]
[BlackElo "1528"]
[EventDate "2013.07.20"]
[PlyCount "47"]

1.e4 Nc6 2.d4 d5 3.e5 Bf5 4.Nf3 e6 5.a3 Be7 6.Nc3 f6 7.Bf4 g5 8.Bg3 h5 9.
h3 Qd7 10.Bd3 Nh6 11.Nb5 Bxd3 12.Qxd3 f5 13.O-O-O Rg8 14.Nd2 a6 15.Nc3 h4 
16.Bh2 g4 17.hxg4 Nxg4 18.Rdf1 Bg5 19.Kb1 Qe7 20.f4 Bh6 21.Bg1 Rh8 22.Qh3 
O-O-O 23.Nf3 Bxf4 24.Nxh4 1/2-1/2

[Event "EU-chT Seniors 15th"]
[Site "Dresden"]
[Date "2013.07.25"]
[Round "6"]
[White "Richter, Andreas"]
[Black "Foerster, Juergen"]
[Result "1/2-1/2"]
[WhiteElo "2171"]
[BlackElo "1761"]
[EventDate "2013.07.20"]
[PlyCount "54"]

1.d4 d5 2.c4 e6 3.Nc3 Nf6 4.Bg5 Be7 5.e3 O-O 6.Bd3 dxc4 7.Bxc4 Nbd7 8.Nge2
c5 9.O-O cxd4 10.Nxd4 Ne5 11.Be2 Nd5 12.Bxe7 Nxe7 13.Nf3 N5c6 14.Qc2 a6 
15.Rac1 b5 16.a3 Bb7 17.Ne4 Rc8 18.Nc5 Ba8 19.a4 Re8 20.Ng5 Ng6 21.Nge4 
Re7 22.Rfd1 Qb6 23.b3 Nb8 24.Ng3 Rd8 25.Bd3 Nd7 26.Nh5 Nde5 27.Be2 Qxc5 
1/2-1/2

[Event "EU-chT Seniors 15th"]
[Site "Dresden"]
[Date "2013.07.25"]
[Round "6"]
[White "Bussler, Juergen"]
[Black "Sollid, Stein"]
[Result "1/2-1/2"]
[WhiteElo "2024"]
[BlackElo "2019"]
[EventDate "2013.07.20"]
[PlyCount "64"]

1.c4 e5 2.Nc3 Nf6 3.g3 c6 4.e4 d5 5.cxd5 cxd5 6.exd5 Nxd5 7.Bg2 Nxc3 8.
bxc3 Be7 9.Ne2 O-O 10.O-O Nc6 11.h3 Qd3 12.Re1 Rd8 13.Qa4 Be6 14.Qe4 Qd7 
15.Kh2 Bf5 16.Qe3 Bf6 17.g4 Bg6 18.Be4 Bxe4 19.Qxe4 Bg5 20.d4 Bxc1 21.
Raxc1 Qe6 22.dxe5 Qxe5+ 23.Qxe5 Nxe5 24.Red1 Nd3 25.Rb1 b6 26.Kg1 Rac8 27.
Rd2 Ne5 28.Rxd8+ Rxd8 29.Nd4 Kf8 30.Kf1 Rc8 31.Rb3 Nc4 32.Ke2 Nd6 1/2-1/2

[Event "EU-chT Seniors 15th"]
[Site "Dresden"]
[Date "2013.07.25"]
[Round "6"]
[White "Johnsen, Oystein"]
[Black "Schmidt, Gerhard"]
[Result "0-1"]
[WhiteElo "2038"]
[BlackElo "2093"]
[EventDate "2013.07.20"]
[PlyCount "92"]

1.Nf3 Nf6 2.c4 g6 3.Nc3 Bg7 4.g3 d6 5.Bg2 O-O 6.O-O c5 7.d4 Nc6 8.Re1 cxd4
9.Nxd4 Nxd4 10.Qxd4 Nd7 11.Qd2 Nc5 12.Rb1 a5 13.b3 Bd7 14.Bb2 Bc6 15.e4 
Qd7 16.Rbd1 f5 17.Nd5 Bxb2 18.Qxb2 Bxd5 19.exd5 Rf7 20.Rd2 Raf8 21.a3 f4 
22.b4 axb4 23.axb4 Na4 24.Qd4 fxg3 25.hxg3 Qc7 26.Bh3 Rg7 27.Be6+ Kh8 28.
Ra1 Nb6 29.c5 Nd7 30.f4 dxc5 31.bxc5 Nxc5 32.Rc1 Nxe6 33.Rxc7 Nxd4 34.Rxd4
Rd8 35.Rxb7 e5 36.Rxg7 exd4 37.Re7 Rxd5 38.Kf2 d3 39.Ke1 d2+ 40.Kd1 h5 41.
Re2 Rd3 42.Rg2 Kg7 43.Rxd2 Rxg3 44.Rh2 Kf6 45.Ke2 Kf5 46.Rh4 Rg4 0-1

[Event "EU-chT Seniors 15th"]
[Site "Dresden"]
[Date "2013.07.25"]
[Round "6"]
[White "Kupreichik, Viktor D"]
[Black "Pushkov, Nikolai"]
[Result "1-0"]
[WhiteElo "2446"]
[BlackElo "2396"]
[EventDate "2013.07.20"]
[PlyCount "93"]

1.e4 e6 2.d4 d5 3.Nc3 Nf6 4.Bg5 dxe4 5.Nxe4 Nbd7 6.Nf3 h6 7.Bxf6 Nxf6 8.
Bd3 Nxe4 9.Bxe4 c5 10.Qe2 Qa5+ 11.c3 cxd4 12.Nxd4 Be7 13.Qb5+ Qxb5 14.Nxb5
O-O 15.O-O-O Bc5 16.Rhf1 Rb8 17.b4 Be7 18.Nxa7 Ra8 19.Nb5 Rxa2 20.Kb1 Ra6 
21.Kb2 Rb6 22.Na3 Bf6 23.Kb3 e5 24.Nc4 Be6 25.Bd5 Bxd5 26.Rxd5 Re6 27.Re1 
e4 28.Rb5 Rb8 29.Rb6 Re7 30.Nd6 Be5 31.Nxe4 Bc7 32.Rb5 Kf8 33.g3 g6 34.Re3
b6 35.Nf6 Rxe3 36.fxe3 Ke7 37.Nd5+ Kd6 38.Kc4 Kc6 39.Nxc7 Kxc7 40.Re5 Kd6 
41.Rd5+ Kc6 42.e4 Ra8 43.e5 Ra2 44.Rd6+ Kc7 45.Rf6 Rxh2 46.Rxf7+ Kd8 47.
Rf6 1-0

[Event "EU-chT Seniors 15th"]
[Site "Dresden"]
[Date "2013.07.25"]
[Round "6"]
[White "Mishuchkov, Nikolai M"]
[Black "Mochalov, Evgeny V"]
[Result "1-0"]
[WhiteElo "2359"]
[BlackElo "2407"]
[EventDate "2013.07.20"]
[PlyCount "159"]

1.d4 Nf6 2.Nf3 g6 3.g3 Bg7 4.Bg2 O-O 5.O-O d6 6.a4 Na6 7.Re1 c5 8.d5 e6 9.
dxe6 Bxe6 10.e4 d5 11.exd5 Qxd5 12.Nc3 Qxd1 13.Rxd1 Rad8 14.Bf4 Nd5 15.
Nxd5 Bxd5 16.c3 b6 17.Nd2 Be6 18.Bf1 Nb8 19.a5 Nd7 20.Bd6 Rfe8 21.Bb5 Bh6 
22.Bc7 Rc8 23.axb6 axb6 24.Ra7 Ra8 25.Rxa8 Rxa8 26.Nc4 Ra7 27.Bxd7 Bxc4 
28.Bxb6 Rb7 29.Bxc5 Rxb2 30.Bc6 Rb8 31.Bd5 Rb5 32.Bxc4 Rxc5 33.Rd8+ Bf8 
34.Bd5 Rxc3 35.Rd7 Bc5 36.Bxf7+ Kh8 37.Be6 Rc2 38.Rf7 Re2 39.Bg4 Re7 40.
Rf8+ Kg7 41.Rc8 Ba7 42.h4 Bb6 43.Rc2 Rc7 44.Re2 Bd4 45.Kg2 Rb7 46.Rd2 Bf6 
47.h5 Bc3 48.Rd3 Bf6 49.Rd6 Be5 50.Re6 Bd4 51.hxg6 hxg6 52.Re4 Bf6 53.f4 
Rb2+ 54.Kh3 Rb7 55.Rc4 Ra7 56.Be6 Re7 57.Rc6 Ra7 58.Kg4 Rb7 59.Kf3 Ra7 60.
g4 g5 61.f5 Ra3+ 62.Ke2 Ra7 63.Bc4 Rd7 64.Ke3 Bd4+ 65.Ke4 Bf6 66.Bd5 Ra7 
67.Rc4 Re7+ 68.Be6 Ra7 69.Rc8 Ra4+ 70.Bc4 Ra7 71.Rg8+ Kh7 72.Rg6 Bd8 73.
Bd3 Rd7 74.Ke3 Be7 75.Be4 Kh8 76.f6 Bc5+ 77.Ke2 Bd4 78.Rh6+ Kg8 79.Bf5 Rf7
80.Be6 1-0

[Event "EU-chT Seniors 15th"]
[Site "Dresden"]
[Date "2013.07.25"]
[Round "6"]
[White "Vasiukov, Evgeny"]
[Black "Dydyshko, Viacheslav"]
[Result "1/2-1/2"]
[WhiteElo "2461"]
[BlackElo "2512"]
[EventDate "2013.07.20"]
[PlyCount "59"]

1.e4 c5 2.Nf3 d6 3.d4 cxd4 4.Qxd4 a6 5.Be2 Nc6 6.Qe3 g6 7.O-O Bg7 8.c4 Bg4
9.Nbd2 Nf6 10.Rb1 Nd7 11.Rd1 O-O 12.h3 Bxf3 13.Nxf3 Nc5 14.b3 Qc7 15.Ba3 
b6 16.h4 a5 17.Rd2 e5 18.h5 f5 19.Bxc5 bxc5 20.hxg6 hxg6 21.Nh4 f4 22.Qh3 
Rf6 23.Bg4 Kf7 24.Nxg6 Rxg6 25.Bh5 Bf6 26.Bxg6+ Kxg6 27.Qf5+ Kg7 28.Qg4+ 
Kf7 29.Qh5+ Kg7 30.Qg4+ 1/2-1/2

[Event "EU-chT Seniors 15th"]
[Site "Dresden"]
[Date "2013.07.25"]
[Round "6"]
[White "Veremeichik, Vladimir"]
[Black "Zhelnin, Vladimir"]
[Result "1-0"]
[WhiteElo "2340"]
[BlackElo "2459"]
[EventDate "2013.07.20"]
[PlyCount "143"]

1.d4 Nf6 2.c4 d6 3.Nc3 Nbd7 4.e4 e5 5.Nge2 c6 6.f3 Be7 7.Be3 Nh5 8.Qd2 h6 
9.g3 Bg5 10.f4 exf4 11.Nxf4 Nxf4 12.gxf4 Bh4+ 13.Bf2 Bxf2+ 14.Qxf2 g5 15.
e5 Qe7 16.O-O-O dxe5 17.fxe5 Nf8 18.Ne4 Ng6 19.Rg1 Kf8 20.Rg3 Kg7 21.Bd3 
Be6 22.Nf6 Rad8 23.Nh5+ Kg8 24.b3 Nh4 25.Bc2 Kf8 26.Kb2 a5 27.Nf6 a4 28.
Rc3 a3+ 29.Kc1 Kg7 30.Nh5+ Kf8 31.Rg3 b5 32.c5 Bd5 33.Rf1 Rg8 34.Nf6 Rg7 
35.Qd2 Be6 36.Be4 Qc7 37.Qb4 Ke7 38.Rd3 Ra8 39.Qe1 Rd8 40.Qf2 Rh8 41.Nh5 
Rgg8 42.Qf6+ Kd7 43.Ng7 Qd8 44.Nxe6 Qxf6 45.Rxf6 fxe6 46.Rf7+ Kd8 47.Bxc6 
Rf8 48.Rd7+ Kc8 49.Bxb5 Rf1+ 50.Rd1 Rxd1+ 51.Kxd1 Rd8 52.Rh7 Rxd4+ 53.Kc2 
Rd5 54.b4 Nf3 55.Ba6+ Kd8 56.Kb3 Rxe5 57.Kxa3 Nd4 58.Ka4 Re4 59.a3 Rh4 60.
Bb5 Nxb5 61.Kxb5 Rxh2 62.c6 g4 63.Kb6 Rc2 64.Rxh6 g3 65.Rxe6 g2 66.Rg6 Ke7
67.b5 Kf7 68.Rg3 Ke6 69.a4 Kd6 70.a5 Rb2 71.c7 Rc2 72.Rxg2 1-0

[Event "EU-chT Seniors 15th"]
[Site "Dresden"]
[Date "2013.07.25"]
[Round "6"]
[White "Haubt, Georg"]
[Black "Schuermans, Robert"]
[Result "0-1"]
[WhiteElo "2239"]
[BlackElo "2127"]
[EventDate "2013.07.20"]
[PlyCount "84"]

1.e4 e5 2.Nc3 Nf6 3.g3 Nc6 4.Bg2 Bc5 5.Nge2 O-O 6.O-O d6 7.Na4 Be6 8.c3 
Bxf2+ 9.Rxf2 b5 10.d4 Ne7 11.dxe5 Ng4 12.Rf1 Nxe5 13.Bf4 N7g6 14.Nd4 Bg4 
15.Qc2 bxa4 16.Qxa4 Bd7 17.Qc2 Ng4 18.Bd2 c5 19.Nf5 c4 20.Kh1 Qb6 21.Nd4 
Rab8 22.b4 cxb3 23.axb3 Qc5 24.Bf3 Rfc8 25.Qa2 Qh5 26.Bxg4 Qxg4 27.Rae1 
Re8 28.Bf4 Ne5 29.Qa6 Qg6 30.Rf2 Bc8 31.Qe2 Bb7 32.Bxe5 Rxe5 33.Rf4 Rbe8 
34.Kg1 Rxe4 35.Rxe4 Rxe4 36.Qd2 h5 37.Rf1 h4 38.Nf5 hxg3 39.hxg3 Re5 40.
Qf4 Rxf5 41.Qh4 Rxf1+ 42.Kxf1 Qf6+ 0-1

[Event "EU-chT Seniors 15th"]
[Site "Dresden"]
[Date "2013.07.25"]
[Round "6"]
[White "Klundt, Klaus"]
[Black "Roofthoofd, Marcel"]
[Result "1/2-1/2"]
[WhiteElo "2338"]
[BlackElo "2196"]
[EventDate "2013.07.20"]
[PlyCount "88"]

1.e4 e6 2.d3 d5 3.Nd2 g6 4.Ngf3 Bg7 5.g3 Ne7 6.Bg2 O-O 7.O-O c5 8.Re1 Nbc6
9.c3 b6 10.Nf1 dxe4 11.dxe4 Qxd1 12.Rxd1 Ba6 13.Bf4 Rad8 14.N1d2 Rd7 15.
Bf1 Bxf1 16.Kxf1 Rfd8 17.Ke2 Kf8 18.Nc4 Nc8 19.a4 Rxd1 20.Rxd1 Rxd1 21.
Kxd1 Ke7 22.Kc2 a6 23.Be3 Ke8 24.Nfd2 Kd7 25.Nb3 Ne5 26.Nxe5+ Bxe5 27.Kd3 
Kc6 28.f4 Bd6 29.c4 f5 30.Nd2 Be7 31.h3 h5 32.Nf3 Bf6 33.b3 a5 34.Bd2 
fxe4+ 35.Kxe4 Nd6+ 36.Kd3 Nf5 37.g4 hxg4 38.hxg4 Nd4 39.Nxd4+ Bxd4 40.Ke4 
Kd6 41.Be1 Bf6 42.Bg3 Kc6 43.Bh2 Bd4 44.Bg3 Bf6 1/2-1/2

[Event "EU-chT Seniors 15th"]
[Site "Dresden"]
[Date "2013.07.25"]
[Round "6"]
[White "Maes, Valeer"]
[Black "Isserman, Ryhor"]
[Result "0-1"]
[WhiteElo "2182"]
[BlackElo "2331"]
[EventDate "2013.07.20"]
[PlyCount "33"]

1.d4 g6 2.Nf3 Bg7 3.c3 c5 4.g3 Nf6 5.Bg2 Qc7 6.O-O O-O 7.b3 d6 8.Bb2 e5 9.
Na3 e4 10.Ne1 Qe7 11.Nac2 Nc6 12.d5 Ne5 13.f4 exf3 14.exf3 Re8 15.Bc1 c4 
16.Bg5 h6 17.Bxf6 0-1

[Event "EU-chT Seniors 15th"]
[Site "Dresden"]
[Date "2013.07.25"]
[Round "6"]
[White "Dahl, Ivar"]
[Black "Beniest, Rene"]
[Result "1/2-1/2"]
[WhiteElo "2209"]
[BlackElo "2138"]
[EventDate "2013.07.20"]
[PlyCount "47"]

1.Nf3 Nf6 2.g3 g6 3.Bg2 c5 4.O-O Nc6 5.d4 cxd4 6.Nxd4 Bg7 7.c4 O-O 8.Nc3 
Nxd4 9.Qxd4 d6 10.Qd3 Rb8 11.e4 Ng4 12.b3 Qa5 13.Bd2 Qh5 14.h4 Ne5 15.Qe3 
Bg4 16.f3 Be6 17.Rad1 Nc6 18.Qg5 Qxg5 19.hxg5 Rfc8 20.Nd5 b5 21.Rc1 Kf8 
22.Nf4 Bd7 23.cxb5 Nd4 24.Rxc8+ 1/2-1/2

[Event "EU-chT Seniors 15th"]
[Site "Dresden"]
[Date "2013.07.25"]
[Round "6"]
[White "Fossum, Widar"]
[Black "Hajenius, Willem"]
[Result "0-1"]
[WhiteElo "1994"]
[BlackElo "1923"]
[EventDate "2013.07.20"]
[PlyCount "72"]

1.f4 d5 2.g3 Nf6 3.Nf3 c5 4.Bg2 Nc6 5.d3 h5 6.e3 Bf5 7.Qe2 Qd7 8.Ne5 Qc7 
9.Nxc6 bxc6 10.e4 Bg4 11.Bf3 dxe4 12.dxe4 e5 13.Nc3 Bd6 14.f5 Bh3 15.Qc4 
Rb8 16.a3 Qb6 17.b3 a5 18.Kf2 Ke7 19.Be3 g6 20.fxg6 Be6 21.Qe2 fxg6 22.Kg2
Kf7 23.Rab1 Qd8 24.Bg5 Kg7 25.Rhf1 Be7 26.Rfd1 Qc8 27.h3 Bxh3+ 28.Kg1 Qb7 
29.Na4 Ng4 30.Be3 Nxe3 31.Qxe3 Rhf8 32.Kh2 Bc8 33.Rf1 Qd7 34.Nxc5 Qh3+ 35.
Kg1 Qxg3+ 36.Kh1 Rf4 0-1

[Event "EU-chT Seniors 15th"]
[Site "Dresden"]
[Date "2013.07.25"]
[Round "6"]
[White "Schrickx, Frank"]
[Black "Lerstad, Bjorn"]
[Result "1/2-1/2"]
[WhiteElo "1901"]
[BlackElo "1918"]
[EventDate "2013.07.20"]
[PlyCount "30"]

1.e4 e6 2.d4 d5 3.Nd2 Nf6 4.e5 Nfd7 5.f4 c5 6.c3 Nc6 7.Ndf3 Qb6 8.Ne2 Be7 
9.g3 a5 10.Bh3 g6 11.O-O h5 12.Kh1 Nf8 13.dxc5 Bxc5 14.Ned4 Nxd4 15.Nxd4 
Be7 1/2-1/2

[Event "EU-chT Seniors 15th"]
[Site "Dresden"]
[Date "2013.07.25"]
[Round "6"]
[White "Van Herck, Marcel"]
[Black "Nordby, Berndt"]
[Result "1/2-1/2"]
[WhiteElo "2104"]
[BlackElo "2097"]
[EventDate "2013.07.20"]
[PlyCount "26"]

1.d4 Nf6 2.c4 d6 3.Nc3 e5 4.dxe5 dxe5 5.Qxd8+ Kxd8 6.Nf3 Nfd7 7.Ng5 Ke8 8.
e3 Na6 9.Be2 c6 10.O-O Ndc5 11.Nge4 Nxe4 12.Nxe4 Nc5 13.Nxc5 Bxc5 1/2-1/2

[Event "EU-chT Seniors 15th"]
[Site "Dresden"]
[Date "2013.07.25"]
[Round "6"]
[White "Kolbak, Jens"]
[Black "Birnboim, Nathan"]
[Result "0-1"]
[WhiteElo "2280"]
[BlackElo "2356"]
[EventDate "2013.07.20"]
[PlyCount "108"]

1.d4 Nf6 2.c4 g6 3.Nc3 d5 4.cxd5 Nxd5 5.Nf3 Bg7 6.e3 O-O 7.Bc4 Nb6 8.Bb3 
Na6 9.O-O c5 10.h3 e6 11.Qe2 Qe7 12.a4 Nb4 13.Bd2 a5 14.Rac1 Nd7 15.Rfd1 
b6 16.Nb5 Bb7 17.Bc4 Rfd8 18.Bc3 cxd4 19.exd4 Nf6 20.Bd2 Nfd5 21.Bg5 Bf6 
22.h4 Bxg5 23.hxg5 Nf4 24.Qe5 Bxf3 25.Qxf4 Bxd1 26.Rxd1 Rac8 27.b3 Rd7 28.
Rf1 Rcd8 29.Re1 Qf8 30.Re4 Qg7 31.g3 Nd5 32.Qc1 Nc7 33.Nxc7 Rxc7 34.Qe3 
Qf8 35.Kg2 Qd6 36.Kh2 Qf8 37.Re5 Rcd7 38.Rb5 Rd6 39.Qe5 Qg7 40.f4 h6 41.
Kg2 hxg5 42.Qxg7+ Kxg7 43.fxg5 Rc6 44.d5 exd5 45.Bxd5 Rc5 46.Rxc5 bxc5 47.
Bc4 Rd4 48.Kf3 Kf8 49.g4 Ke7 50.Kg3 f6 51.gxf6+ Kxf6 52.Kh4 g5+ 53.Kg3 Ke5
54.Ba6 Rb4 0-1

[Event "EU-chT Seniors 15th"]
[Site "Dresden"]
[Date "2013.07.25"]
[Round "6"]
[White "Maryasin, Boris"]
[Black "Sorensen, Bent"]
[Result "1/2-1/2"]
[WhiteElo "2335"]
[BlackElo "2256"]
[EventDate "2013.07.20"]
[PlyCount "60"]

1.e4 e6 2.d4 d5 3.e5 c5 4.c3 Nc6 5.Nf3 Bd7 6.a3 Nge7 7.b4 cxd4 8.cxd4 Nf5 
9.Bb2 Be7 10.Bd3 Qb6 11.Bxf5 exf5 12.Nc3 Be6 13.O-O O-O 14.Na4 Qd8 15.Rc1 
Rc8 16.Nc5 b6 17.Nd3 Qd7 18.h4 h6 19.Nf4 Nb8 20.Qd2 Qb5 21.Nh5 Nd7 22.Rc3 
a5 23.bxa5 bxa5 24.Bc1 Rxc3 25.Qxc3 Rb8 26.Qe3 Bf8 27.Qf4 Qd3 28.Bd2 Qe4 
29.Bxa5 Bxa3 30.Re1 Qxf4 1/2-1/2